Score 0/24 Timer 10:00
3 Plays Today
Time Show % Correct
0:26-0:40Hey Arnold!
91%
1:08-1:22Rugrats
89.8%
0:00-0:12CatDog
81.5%
1:22-1:36The Wild Thornberrys
75.1%
3:56-4:10Doug
67.5%
2:04-2:18All That
63.6%
2:32-2:46Rocko's Modern Life
60.5%
2:18-2:32Are You Afraid of the Dark?
55.9%
1:50-2:04Kenan and Kel
52.2%
5:20-5:34Rocket Power
50%
0:54-1:08The Angry Beavers
49.1%
4:10-4:24Clarissa Explains It All
43.8%
Time Show % Correct
0:12-0:26The Amanda Show
42.2%
2:46-3:00Gullah Gullah Island
38.4%
4:38-4:52Salute Your Shorts
37.9%
1:36-1:50Legends of the Hidden Temple
34.2%
0:40-0:54KaBlam!
31.2%
3:14-3:28GUTS
30.3%
3:00-3:14The Ren and Stimpy Show
29.6%
5:06-5:20The Adventures of Pete and Pete
26.1%
3:28-3:42Cousin Skeeter
20.4%
4:52-5:06Family Double Dare
16.6%
3:42-3:56100 Deeds for Eddie McDowd
6.4%
4:24-4:38Figure It Out
5.2%

You're not logged in!

Compare scores with friends on all Sporcle quizzes.
OR
Log In

Sporcle TV

Today on Sporcle TV


Watch our educational content, quiz creation guides, and fun videos on Sporcle TV.

Show Comments

Extras

Top Quizzes Today


Score Distribution

Paid Content

Your Account Isn't Verified!

In order to create a playlist on Sporcle, you need to verify the email address you used during registration. Go to your Sporcle Settings to finish the process.

Report this User

Report this user for behavior that violates our Community Guidelines.

Details: